|
|
|
|
| LEADER |
00723nam a22002052a 4500 |
| 001 |
000386808 |
| 003 |
CZ BrMZK |
| 005 |
20200120114342.0 |
| 008 |
980105s1967 xr f cze d |
| 040 |
|
|
|a BOA001
|b cze
|
| 100 |
1 |
|
|a Bouzek, Jan,
|d 1935-2020
|7 jk01012853
|
| 245 |
1 |
0 |
|a Pravěk egejské oblasti.
|n 2.,
|p Tabulky /
|c Jan Bouzek
|
| 246 |
3 |
0 |
|a Tabulky
|
| 260 |
|
|
|a Praha :
|b Československá akademie věd,
|c 1967
|
| 300 |
|
|
|a 21 s.
|
| 772 |
0 |
8 |
|i Samostatná příloha seriálu:
|t právy Československé společnosti archeologické,
|g suppl. 4
|
| 910 |
|
|
|a BOA001
|b X2-0595.750,2,tab.
|
| 990 |
|
|
|a BK
|
| 991 |
|
|
|b 202001
|
| 996 |
6 |
|
|b 2619804154
|c X2-0595.750,2,tab
|l MZK
|r Sklad / do 24 hodin
|n 24
|w 000386808
|u 000010
|a 1
|e BOA001
|j MZK50
|s P
|